00952nam a22002057a 4500003000900000008004100009040007100050082002500121100002300146245007000169260005400239300003100293440008500324505014100409650005400550650003200604650003900636650003500675700003600710AR-CdUCM190304b ||||| |||| 00| 0 spa d aMUNICIPALIDAD PROVINCIAL DEL CUSCOcBIBLIOTECA MUNICIPAL DEL CUSCO a301.34098527 / bC46 aCelestino, Olinda  aMigración y cambio estructural : bla comunidad de Lampián /  aLima : b Instituto de Estudios Peruanos, c1972. a107 páginas ; c20.5 cm. aProyecto de Estudios Etnológicos del Valle de Chancay. n : Monografía N° 2 aContenido: Quiebra de la estructura tradicional -- Cambios en la estructura comunal -- Los innovadores -- La nueva estructura social ... aMigración interna -- Valle de Chancay -- Perú aComunidad de Lampian - Lima aCondiciones económicas - Lampian aCondiciones sociales - Lampian aMatos Mar, José (Dirección)